| 000 | 00747nam a2200217 a 4500 | ||
|---|---|---|---|
| 005 | 20220622063517.0 | ||
| 008 | 030514s2003 es r 000 0 spa d | ||
| 020 | _a8495642263 | ||
| 035 | _aUPN01000124187 | ||
| 049 | _aCG | ||
| 050 | 4 |
_aPN6071 A7 _bP3.7 |
|
| 245 | 0 | 0 |
_aParientes lejanos : _bcuentos de animales / _cMiguel Delibes ... [et al.] ; pról. Alberto Ruy Sánchez ; selec. Viviana Paletta. |
| 260 |
_aMadrid : _bPáginas de Espuma, _c2003. |
||
| 300 |
_a206 p. : _bil. |
||
| 440 | 0 |
_aNarrativa breve ; _v10 |
|
| 650 | 7 |
_aAnimales en la literatura _2 _91055 |
|
| 650 | 0 |
_aAnimales _vCuentos y leyendas _9234 |
|
| 700 | 1 |
_aDelibes, Miguel, _d1920-2010 _ecoaut. _931790 |
|
| 700 | 1 |
_aPaletta, Viviana, _d1967- _ecomp. _931789 |
|
| 905 | _aLibro | ||
| 999 |
_c96366 _d96366 |
||